000 00481nam a2200181Ia 4500
003 IIN
005 20240201165134.0
008 231217s9999 xx 000 0 und d
020 _cRs.950.00
_a9788131252178
040 _aIIN
_bEnglish
082 _a610.73
_bKAU
100 1 _aKaushik, Annu
245 1 _aQuick Review Series for BSc Nursing 2nd Year
_cAnnu Kaushik
260 _bElsevier
_aNew Delhi
_c2018
300 _axviii, 740 p.
650 1 _aQuestion Solved
942 _cBOOK
999 _c755
_d755